Ehemalige kreisfreie Städte in Bayern - Statistiken

Allgemein
  • Dieses Quiz wurde 123 mal gespielt
  • Das Durchschnittsergebnis liegt bei 16 aus 26
Antwortstatistiken
Kfz-Kennzeichen ehemalige Kreisfreie Stadt % Korrekt
DEG Deggendorf
96%
FO Forchheim
85%
LL Landsberg am Lech
78%
EIH, EI Eichstätt
77%
DON Donauwörth
75%
TS Traunstein
74%
GZ Günzburg
72%
KU Kulmbach
72%
FS Freising
71%
NM Neumarkt in der Oberpfalz
70%
LI Lindau (Bodensee)
68%
KT Kitzingen
66%
Nördlingen
66%
DLG Dillingen an der Donau
64%
KG Bad Kissingen
62%
NU Neu-Ulm
62%
ROT Rothenburg ob der Tauber
61%
SAD Schwandorf
61%
SEL Selb
54%
NEC Neustadt bei Coburg
52%
ND Neuburg an der Donau
51%
WUG Weißenburg in Bayern
50%
DKB Dinkelsbühl
45%
MAK Marktredwitz
38%
REI Bad Reichenhall
34%
CO Bad Rodach
14%
Keine übereinstimmenden Quizze gefunden
Verteilung der Resultate
Anzahl Personen mit jedem Resultat
Perzentil nach korrekt beantworteten Fragen
Ihre Resultats-Entwicklung
Sie haben dieses Quiz noch nicht gespielt